[Event "Veneto-ch qf 81st"]
[Site "Verona"]
[Date "2022.05.07"]
[Round "3.15"]
[White "Gregory, Matteo"]
[Black "Passon, Stefano"]
[Result "0-1"]
[WhiteElo "1329"]
[BlackElo "1698"]
[PlyCount "86"]
[EventDate "2022.05.06"]
[EventType "swiss"]
[EventRounds "5"]
[EventCountry "ITA"]
[SourceTitle "EXT 2024"]
[Source "ChessBase"]
[SourceDate "2023.10.10"]
[SourceVersion "1"]
[SourceVersionDate "2023.10.10"]
[SourceQuality "1"]

1. c4 e6 2. Nc3 Nf6 3. Nf3 d5 4. cxd5 exd5 5. d4 c6 6. Bg5 Be7 7. e3 0-0 8. Bd3 Bg4 9. h3 Bh5 10. g4 Bg6 11. Bxg6 hxg6 12. Ne5 Nbd7 13. f4 Nh7 14. Bxe7 Qxe7 15. h4 Nxe5 16. dxe5 f6 17. h5 g5 18. f5 Qxe5 19. Qf3 d4 20. Nd1 Rfe8 21. Kf2 dxe3+ 22. Qxe3 Qd5 23. Qb3 Rad8 24. Qxd5+ Rxd5 25. Rb1 Re4 26. Rg1 Rd2+ 27. Kf3 Rdd4 28. Nc3 Rf4+ 29. Ke3 Rxg4 30. Rxg4 Rxg4 31. Ne4 Nf8 32. Kf3 Rf4+ 33. Ke3 Rxf5 34. Nd6 Re5+ 35. Kf3 b6 36. Nc8 c5 37. Nxa7 Ne6 38. Nc8 Nd4+ 39. Kg2 b5 40. Nd6 Kh7 41. Rc1 Re2+ 42. Kg3 Re5 43. Rd1 Rd5 0-1